Text Book on Muslim Law (Record no. 3418)

MARC details
000 -LEADER
fixed length control field 00582nam a2200241 a 4500
020 ## - INTERNATIONAL STANDARD BOOK NUMBER
ISBN
082 00 - DEWEY DECIMAL CLASSIFICATION NUMBER
Classification number 340.59
Author Cutter PEA
100 ## - MAIN ENTRY--AUTHOR NAME
Author name Pearl, David
245 ## - TITLE STATEMENT
Title Text Book on Muslim Law
260 ## - PUBLICATION, DISTRIBUTION, ETC. (IMPRINT)
Place of publication Punjab
Name of publisher litracy unit
Year of publication 1979
300 ## - PHYSICAL DESCRIPTION
Number of Pages 317p
500 ## - GENERAL NOTE
General note includes index and biblioraphy
505 2# - FORMATTED CONTENTS NOTE
Formatted contents note Appendex, Bibliography, Index
650 ## - SUBJECT ADDED ENTRY--TOPICAL TERM
Topical Term Islamic-Law
942 ## - ADDED ENTRY ELEMENTS (KOHA)
Koha item type Books
700 1# -
-- Pearl, David
Holdings
Collection code Home library Current library Date acquired Cost, normal purchase price Full call number Accession Number Koha item type
  Henry Martyn Institute Library Henry Martyn Institute Library 08/31/2010 1001.65 340.59 PEA 09767 Books
                   Copyright © 2026 | Henry Martyn Institute | Hyderabad | TS-500052 | INDIA | Implemented by hmi.edu.in
Hit-Count:

Powered by Koha